1583 1189 1128 1895 1870 1254 1760 1313 1810 1595 1164 1566 1224 1663 1150 1960 1978 1856 1995 1717 1288 1396 1770 1605 1183 1977 1061 1362 1166 1126 1742 1048 1233 1825 1655 1091 1513 1991 1197 1863 1795 1729 1381 1143 1116 1863 1355 1577 1817 1817 1944 1414 1397 1740 2000 1976 1441 1651 1796 1369 1063 1770 1144 1008 1749 1431 1734 1149 1249 1727 1491 1042 1407 1754 1488 1115 1356 1971 1232 1460 1804 1675 1736 1670 1713 1232 1098 1135 1970 1709 1013 1008 1709 1869 1959 1924 1219 1301 1422 BCNSPRNW ULIB Ver.6.0+V

เปลี่ยนเป็นภาษาไทย

Change to English
 แสดงรายละเอียดบรรณานุกรม
  กลับหน้าหลัก

Brief Record : Get Marc (ISO 2709) : E-mail record : QR code < ปิดหน้าต่าง
LEADER : 00000nam 2200000uu 4500
001    13399128988
003     ULIB
008    020711s2566 th a 000 0 tha d
050    ^aวจ.^bLB1023^cช111ผ
100    ^aชญานิศ ชอบอรุณสิทธิ
245    ^aรายงานการวิจัย เรื่อง ผลการใช้การเรียนแบบ STEM Education ผ่านกรณีศึกษาเป็นฐาน (case - based learning) ต่อความรู้และทัศนคติเกี่ยวกับผู้สูงอายุของนักศึกษาพยาบาลชั้นปีที่ 2 มหาวิทยาลัยสวนดุสิต.
260     ^bม.ป.ท.,^c2566
300    ^a61 หน้า;^c28 ซม.
650    ^aการเรียนการสอน
945    ^p0^l0^i011242
999    ^aประนอม เกษจรัล
รายการนี้ยังไม่มีแท็ก
คุณยังไม่ได้ล็อกอิน คุณสามารถมีกิจกรรมร่วมกับเว็บไซต์ได้ แต่ต้องล็อกอินก่อน ::
  ล็อกอิน

รายการสื่อสารสนเทศ

ลำดับที่ ประเภท เลขเรียก/บาร์โค้ด สถานที่ สถานะ
1. การศึกษาทั่วไป
หนังสือสำรอง
สถานะ=หนังสือสำรอง
วจ. LB1023 ช111ผ ฉ.1 
  Barcode: 011242
ห้องสมุดวิทยาเขตสวรรค์ประชารักษ์
►หนังสือทั่วไป
บนชั้น

รายการใกล้เคียง
    หัวเรื่อง [การเรียนการสอน]

BibComment


ยังไม่เคยถูกคอมเมนท์

คอมเมนท์ทรัพยากรรายการนี้
  คอมเมนท์: รายงานการวิจัย เ..


 Copyright 2026. Bcnsprnw @Library